000 00559nam a2200241 a 4500
001 nice12345678
003 IN_TiNIC
005 20260116012046.0
008 050524s1884 lona grp 000 0 eng
020 _a
_c100
082 0 0 _a222.6
_bBEN
100 _aBennet, W H
245 _aBooks of Chronicles.
260 _aLondon
_bHodder & Stoughton
_c1884
300 _a464p
500 _aincludes index and biblioraphy
505 2 _aIndex
650 _aBible-Chronicles
700 1 _aBennet, W H
902 _bSRS
942 _cBK
999 _c5470
_d5470